The Physical Chemistry Problem Solver / (Record no. 12159)
[ view plain ]
| 000 -LEADER | |
|---|---|
| fixed length control field | 00829nam a2200253 a 4500 |
| 001 - CONTROL NUMBER | |
| control field | 427502 |
| 005 - DATE AND TIME OF LATEST TRANSACTION | |
| control field | 20240818092926.0 |
| 008 - FIXED-LENGTH DATA ELEMENTS--GENERAL INFORMATION | |
| fixed length control field | 820505s1981 nyua 001 0 eng |
| 010 ## - | |
| -- | 81052778 |
| 020 ## - INTERNATIONAL STANDARD BOOK NUMBER | |
| International Standard Book Number | 087891532X (pbk.) |
| 040 ## - CATALOGING SOURCE | |
| Original cataloging agency | DLC |
| Transcribing agency | DLC |
| Modifying agency | DLC |
| 050 00 - LIBRARY OF CONGRESS CALL NUMBER | |
| Classification number | QD456 |
| Item number | .P56 |
| 082 00 - DEWEY DECIMAL CLASSIFICATION NUMBER | |
| Classification number | 540.76 |
| Edition number | 19 |
| Item number | PHY |
| 245 04 - TITLE STATEMENT | |
| Title | The Physical Chemistry Problem Solver / |
| Statement of responsibility, etc | staff of Research and Education Association. |
| 260 ## - | |
| -- | New York : |
| -- | REA , |
| -- | c1981. |
| 300 ## - PHYSICAL DESCRIPTION | |
| Extent | xi, 788 p. : |
| Other physical details | ill. ; |
| Dimensions | 26 cm. |
| 336 ## - CONTENT TYPE | |
| Source | rdacontent |
| Content type term | text |
| Content type code | txt |
| 337 ## - MEDIA TYPE | |
| Media type term | unmediated |
| Source | rdamedia |
| Media type code | n |
| 338 ## - CARRIER TYPE | |
| Carrier type term | volume |
| Carrier type code | nc |
| Source | rdacarrier |
| 500 ## - GENERAL NOTE | |
| General note | Includes index. |
| 650 #0 - SUBJECT ADDED ENTRY--TOPICAL TERM | |
| Topical term or geographic name as entry element | Chemistry, Physical and theoretical |
| General subdivision | Problems, exercises, etc. |
| 9 (RLIN) | 7395 |
| 710 2# - ADDED ENTRY--CORPORATE NAME | |
| Corporate name or jurisdiction name as entry element | Research and Education Association. |
| 9 (RLIN) | 7396 |
| 942 ## - ADDED ENTRY ELEMENTS (KOHA) | |
| Source of classification or shelving scheme | Dewey Decimal Classification |
| Koha item type | Book - Borrowing |
| Classification part | RDA-MOD |
| Withdrawn status | Lost status | Source of classification or shelving scheme | Damaged status | Not for loan | Collection code | Home library | Current library | Shelving location | Date acquired | Source of acquisition | Cost, normal purchase price | Total Checkouts | Total Renewals | Full call number | Barcode | Checked out | Date last seen | Date checked out | Koha item type |
|---|---|---|---|---|---|---|---|---|---|---|---|---|---|---|---|---|---|---|---|
| Dewey Decimal Classification | Alef-Baa | Central Library | Central Library | First floor | 01/07/2009 | Purchase | 150.00 | 3 | 3 | 540.76 PHY | 000016718 | 16/02/2022 | 07/03/2018 | 07/03/2018 | Book - Borrowing |